| 000 | 00620nam a2200229Ia 4500 | ||
|---|---|---|---|
| 003 | OSt | ||
| 005 | 20220928102841.0 | ||
| 006 | a|||||r|||| 00| 0 | ||
| 007 | ta | ||
| 008 | 220927b |||||||| |||| 00| 0 eng d | ||
| 024 | _a37278 | ||
| 037 | _cTextual | ||
| 040 |
_aSDCL _cSDCL _beng |
||
| 041 |
_2eng _aeng |
||
| 082 | _aQ6wC9, M2 | ||
| 100 |
_aHarvey A E _9400793 |
||
| 245 | 0 |
_aJesus and the constraints of History _bThe bampton lectures, 1980. |
|
| 260 |
_aLondon _bDuckworth _c1982 |
||
| 300 |
_a184p. _ccm. |
||
| 942 |
_hQ6wC9, M2 _cTEXL _2CC |
||
| 999 |
_c716686 _d716686 |
||